Economía y Defensa Nacional / por Joaquín Buxó Dulce de Abaigar...
Descripción Física:
52 p. ; 24 cm
Materias:
Economia
MARC
| LEADER | 00000nam a2200000Ia 4500 | ||
|---|---|---|---|
| 001 | 1808 | ||
| 008 | 160829s9999 xx 000 0 cat d | ||
| 080 | |a M-3-353 | ||
| 100 | 1 | |a Buxó de Abaigar, Joaquín, |c marqués de Castell-Florite, |d 1905-1979 |9 54201 | |
| 245 | |a Economía y Defensa Nacional / por Joaquín Buxó Dulce de Abaigar... | ||
| 260 | |a Barcelona : |b Diputación Provincial de Barcelona. Sección de Prensa, dl 1966 | ||
| 300 | |a 52 p. ; |c 24 cm | ||
| 590 | |a A la portada : 'Texto de la conferencia pronunciada en el Aula Magna de la Universidad, el 4 de febrero de 1966, por el Excelentísimo Sr. D. Joaquín Buxo Dulce de Abaigar..' | ||
| 650 | |a Economia |9 31980 | ||
| 710 | 1 | |a Barcelona (Catalunya : Província). |b Diputació |9 52408 | |
| 901 | |a Arxiu | ||
| 942 | |n 1 | ||
| 952 | |0 0 |1 0 |4 0 |6 M3353 |7 1 |9 42541 |a Arxiu |b Arxiu |d 2016-12-01 |l 0 |o M-3-353 |p 1808 |r 2016-12-01 00:00:00 |w 2016-12-01 |y ARXIU | ||
| 999 | |c 45046 |d 45046 | ||